Obras de San Buenaventura (Edición bilingüe)

Wedi'i Gadw mewn:
Manylion Llyfryddiaeth
Prif Awdur: Buenaventura, San
Fformat: Llyfr
Iaith:Undetermined
Cyhoeddwyd: Madrid, España Editorial Católica 1946
Pynciau:
Tagiau: Ychwanegu Tag
Dim Tagiau, Byddwch y cyntaf i dagio'r cofnod hwn!

MARC

LEADER 00000nam a2200000Ia 4500
008 170316s9999 xx 000 0 und d
090 |a 230 S-4o v.2 
100 |a Buenaventura, San 
245 |a Obras de San Buenaventura (Edición bilingüe) 
260 |a Madrid, España 
260 |b Editorial Católica 
260 |c 1946 
300 |a 848 páginas Tomo segundo 
650 |a TEOLOGÍA 
650 |a EDICIÓN BILINGÜE : EN IDIOMA LATÍN Y ESPAÑOL 
650 |a CRISTO EN SU CIENCIA DIVINA Y HUMANA 
650 |a CRISTO - ÁRBOL DE LA VIDA 
650 |a CRISTO EN SUS MISTERIOS 
650 |a MEDITACIONES DE LA PASIÓN DE JESUCRISTO 
999 |c 18082  |d 18082 
040 |a cru BVZT 
942 |c 15 D  |h 230 S-4o v.2  |2 z